<?xml version="1.0" encoding="UTF-8"?>
<record
    xmlns:xsi="http://www.w3.org/2001/XMLSchema-instance"
    xsi:schemaLocation="http://www.loc.gov/MARC21/slim http://www.loc.gov/standards/marcxml/schema/MARC21slim.xsd"
    xmlns="http://www.loc.gov/MARC21/slim">

  <leader>03444nam a2200409Ii 4500</leader>
  <controlfield tag="001">DIGCAL0301</controlfield>
  <controlfield tag="003">NyNyDIG</controlfield>
  <controlfield tag="006">m     o  d        </controlfield>
  <controlfield tag="007">cr |||||||||||</controlfield>
  <controlfield tag="008">121201s2008    sp a    ob    000 0 spa d</controlfield>
  <datafield tag="020" ind1=" " ind2=" ">
    <subfield code="z">9788483590492</subfield>
  </datafield>
  <datafield tag="020" ind1=" " ind2=" ">
    <subfield code="z">8483590492</subfield>
  </datafield>
  <datafield tag="035" ind1=" " ind2=" ">
    <subfield code="a">(OCoLC)760937363</subfield>
  </datafield>
  <datafield tag="040" ind1=" " ind2=" ">
    <subfield code="a">DGITA</subfield>
    <subfield code="b">eng</subfield>
    <subfield code="e">pn</subfield>
    <subfield code="c">DGITA</subfield>
  </datafield>
  <datafield tag="050" ind1="1" ind2="4">
    <subfield code="a">GR825 eBook</subfield>
  </datafield>
  <datafield tag="245" ind1="0" ind2="0">
    <subfield code="a">Antropolog&#xED;as del miedo :</subfield>
    <subfield code="b">vampiros, sacamantecas, locos, enterrados vivos y otras pesadillas de la raz&#xF3;n /</subfield>
    <subfield code="c">edici&#xF3;n, Gerardo Fern&#xE1;ndez Ju&#xE1;rez, Jos&#xE9; Manuel Pedrosa.</subfield>
  </datafield>
  <datafield tag="250" ind1=" " ind2=" ">
    <subfield code="a">1. ed.</subfield>
  </datafield>
  <datafield tag="264" ind1=" " ind2="1">
    <subfield code="a">Madrid :</subfield>
    <subfield code="b">Calambur Editorial,</subfield>
    <subfield code="c">2008. </subfield>
  </datafield>
  <datafield tag="300" ind1=" " ind2=" ">
    <subfield code="a">1 online resource (318 pages) :</subfield>
    <subfield code="b">ill.</subfield>
  </datafield>
  <datafield tag="336" ind1=" " ind2=" ">
    <subfield code="a">text</subfield>
    <subfield code="b">txt</subfield>
    <subfield code="2">rdacontent</subfield>
  </datafield>
  <datafield tag="337" ind1=" " ind2=" ">
    <subfield code="a">computer</subfield>
    <subfield code="b">c</subfield>
    <subfield code="2">rdamedia</subfield>
  </datafield>
  <datafield tag="338" ind1=" " ind2=" ">
    <subfield code="a">online resource</subfield>
    <subfield code="b">cr</subfield>
    <subfield code="2">rdacarrier</subfield>
  </datafield>
  <datafield tag="490" ind1="1" ind2=" ">
    <subfield code="a">Calambur. Ensayo ;</subfield>
    <subfield code="v">1.</subfield>
  </datafield>
  <datafield tag="504" ind1=" " ind2=" ">
    <subfield code="a">Includes bibliographical references.</subfield>
  </datafield>
  <datafield tag="505" ind1="0" ind2=" ">
    <subfield code="a">Los mil y un registros del humano miedo / Gerardo Fern&#xE1;ndez Ju&#xE1;rez, Jos&#xE9; Manuel Pedrosa -- Vampiros y sacamantecas : dieta blanda para comensales t&#xED;midos / Jos&#xE9; Manuel Pedrosa -- No tiene pulso : tipolog&#xED;as del miedo a ser enterrado vivo en la era preindustrial / Elena del R&#xED;o Parra -- La sombra del miedo : locura, violencia y cultura en Catalu&#xF1;a moderna / Josep M. Comelles -- Terrores de agosto : la fascinaci&#xF3;n del "Anchanchu" en el Altiplano aymara de Bolivia / Gerardo Fern&#xE1;ndez Ju&#xE1;rez -- Un pueblo sitiado : miedos y entidades terribles en la construcci&#xF3;n del espacio social de una comunidad surandina / Francisco M. Gil Garc&#xED;a -- Representaciones enraizadas y vivencias cotidianas : las dos vertientes del miedo al gitano en Toledo / Alvar Jones S&#xE1;nchez -- Geograf&#xED;as del miedo : lugares de la Galicia m&#xE1;gica en que habitan los monstruos / Antonio Reigosa -- La fuerza de lo imaginado o el temor pr&#xE9;sago : miedo al futuro desde el pasado en las leyendas actuales / Luis D&#xED;az Viana -- Leyendas vivas en Portugal : el robo de &#xF3;rganos en las tiendas de los chinos / Jos&#xE9; Joaquim Dias Marques -- De "Los comprani&#xF1;os" a "La sonrisa del payaso" : el papel de las leyendas urbanas en la perpetuaci&#xF3;n de miedos locales y globalizados / Luisa Abad, Daniel Garc&#xED;a S&#xE1;iz.</subfield>
  </datafield>
  <datafield tag="520" ind1=" " ind2=" ">
    <subfield code="a">"Monstruos, vampiros, can&#xED;bales, fantasmas, desdichados que han sido enterrados vivos, locos, enfermos, extranjeros, vecinos a los que no conocemos lo suficiente, simples n&#xF3;madas: avatares todos del miedo, sombras que se apoderan de nuestros peores sue&#xF1;os, que encarnan dimensiones de la alteridad que nos estremecen, a la vez que nos hacen sentir de forma privilegiada el calor de nuestra propia condici&#xF3;n humana.Todos ellos (y unos cuantos m&#xE1;s) se dan cita en las p&#xE1;ginas de este libro, que, a mitad de camino entre la historia de la cultura y de las mentalidades, el tratado antropol&#xF3;gico y la leyenda urbana, ha sido construido con las aportaciones de antrop&#xF3;logos, historiadores y fil&#xF3;logos empe&#xF1;ados en dibujar un mapa del horror con los trazos de la ciencia"--P. [4] of cover.</subfield>
  </datafield>
  <datafield tag="650" ind1=" " ind2="0">
    <subfield code="a">Fear</subfield>
    <subfield code="v">Folklore.</subfield>
  </datafield>
  <datafield tag="650" ind1=" " ind2="0">
    <subfield code="a">Legends.</subfield>
  </datafield>
  <datafield tag="650" ind1=" " ind2="0">
    <subfield code="a">Urban folklore.</subfield>
  </datafield>
  <datafield tag="655" ind1=" " ind2="0">
    <subfield code="a">Electronic books.</subfield>
  </datafield>
  <datafield tag="791" ind1="2" ind2=" ">
    <subfield code="a">Digitalia (Firm),</subfield>
    <subfield code="e">distributor.</subfield>
  </datafield>
  <datafield tag="830" ind1=" " ind2="0">
    <subfield code="a">Calambur. </subfield>
    <subfield code="p">Ensayo ;</subfield>
    <subfield code="v">1.</subfield>
  </datafield>
  <datafield tag="793" ind1="0" ind2=" ">
    <subfield code="g">Digitalia eBook Collection:</subfield>
    <subfield code="a">Calambur Editorial.</subfield>
  </datafield>
  <datafield tag="856" ind1="4" ind2="0">
    <subfield code="3">Digitalia Hisp&#xE1;nica</subfield>
    <subfield code="u">https://www.digitaliapublishing.com/a/872/</subfield>
  </datafield>
  <datafield tag="910" ind1=" " ind2=" ">
    <subfield code="a">Premium Collection: 2007-2012</subfield>
  </datafield>
  <datafield tag="942" ind1=" " ind2=" ">
    <subfield code="c">RAA</subfield>
  </datafield>
  <datafield tag="952" ind1=" " ind2=" ">
    <subfield code="0">0</subfield>
    <subfield code="1">0</subfield>
    <subfield code="4">0</subfield>
    <subfield code="7">0</subfield>
    <subfield code="8">DEH</subfield>
    <subfield code="a">BD-UIN</subfield>
    <subfield code="b">BD-UIN</subfield>
    <subfield code="d">2025-04-25</subfield>
    <subfield code="l">0</subfield>
    <subfield code="r">2025-04-25</subfield>
    <subfield code="w">2025-04-25</subfield>
    <subfield code="y">RAA</subfield>
  </datafield>
  <datafield tag="999" ind1=" " ind2=" ">
    <subfield code="c">229869</subfield>
    <subfield code="d">229869</subfield>
  </datafield>
</record>
